| 000 | 00703nam a22001937a 4500 | ||
|---|---|---|---|
| 005 | 20251108164300.0 | ||
| 008 | 250721s1998 xx 000 0 ara d | ||
| 082 | 1 | 4 | _a354.565/ارد |
| 245 | 1 | 0 |
_aحكومة الدكتور عبد السلام المجالي من التكليف إلى الثقة : _bوقائع و وثائق / |
| 264 | 1 |
_aعمان : _bالدائرة، مديرية الدراسات والمعلومات، _c1998. |
|
| 300 | _a290ص. | ||
| 650 | 1 | 7 | _aالوزارات |
| 650 | 1 | 7 | _aالأردن |
| 650 | 1 | 7 | _aتاريخ الأردن |
| 650 | 1 | 7 | _aعهد الملك حسين 1952- 1999 |
| 710 | 2 | _aدائرة المطبوعات و النشر | |
| 942 |
_2ddc _cBK |
||
| 999 |
_c8286 _d8286 |
||